Deh se pare/ (Record no. 145217)

000 -LEADER
fixed length control field 00370nam a22001577a 4500
020 ## - INTERNATIONAL STANDARD BOOK NUMBER
ISBN 9789387187375
082 ## - DEWEY DECIMAL CLASSIFICATION NUMBER
Classification number H1
Item number URM/D
100 ## - MAIN ENTRY--AUTHOR NAME
Personal name Urmila Jain
245 ## - TITLE STATEMENT
Title Deh se pare/
Statement of responsibility, etc by Urmila Jain
260 ## - PUBLICATION, DISTRIBUTION, ETC. (IMPRINT)
Place of publication Delhi:
Name of publisher Nayi Kithab Prakashan,
Year of publication 2018.
300 ## - PHYSICAL DESCRIPTION
Number of Pages 96p.
650 ## - SUBJECT ADDED ENTRY--TOPICAL TERM
Topical Term Poetry Hindi
650 ## - SUBJECT ADDED ENTRY--TOPICAL TERM
Topical Term Literature Hindi
650 ## - SUBJECT ADDED ENTRY--TOPICAL TERM
Topical Term Literature
942 ## - ADDED ENTRY ELEMENTS (KOHA)
Koha item type Book
Holdings
Withdrawn status Lost status Damaged status Not for loan Permanent Location Current Location Shelving location Date acquired Cost, normal purchase price Full call number Accession Number Price effective from Koha item type
        Sree Sankaracharya University of Sanskrit Sree Sankaracharya University of Sanskrit Stacks 25.09.2020 250.00 H1 URM/D 100614 25.09.2020 Book